Urban air quality managemen : Coordinating transport, environment, and energy policies in developing countries

Bewaard in:
Bibliografische gegevens
Hoofdauteur: Kojima, Masami
Formaat: Boek
Taal:Undetermined
Gepubliceerd in: Washington DC The World Bank 2001
Onderwerpen:
Tags: Voeg label toe
Geen labels, Wees de eerste die dit record labelt!
Thư viện lưu trữ: Trung tâm Học liệu Trường Đại học Cần Thơ
LEADER 00675nam a2200205Ia 4500
001 CTU_62789
008 210402s9999 xx 000 0 und d
082 |a 363.7392 
082 |b K75 
100 |a Kojima, Masami 
245 0 |a Urban air quality managemen : 
245 0 |b Coordinating transport, environment, and energy policies in developing countries 
245 0 |c Masami Kojima, Magda Kojima 
260 |a Washington DC 
260 |b The World Bank 
260 |c 2001 
650 |a Air quality management,Urban pollution 
650 |z Developing countries,Developing countries 
904 |i Nguyên sửa 
980 |a Trung tâm Học liệu Trường Đại học Cần Thơ